[Event "47th World Open"]
[Site "Philadelphia"]
[Date "2019.07.06"]
[Round "7"]
[White "Harriott, Tyrell"]
[Black "Zhou, Ziwen"]
[Result "0-1"]
[WhiteElo "2003"]
[BlackElo "2172"]
[PlyCount "108"]
[EventDate "2019.07.??"]
[EventType "swiss"]
[EventRounds "9"]
[EventCountry "USA"]

1. d4 Nf6 2. e3 g6 3. Bd3 Bg7 4. f4 d6 5. Nf3 O-O 6. O-O Nbd7 7. f5 e5 8. fxe6
fxe6 9. Ng5 Qe7 10. Qe1 Nb6 11. Qh4 Bh8 12. Nc3 Bd7 13. e4 e5 14. dxe5 Ng4 15.
Bd2 Bxe5 16. h3 Bd4+ 17. Kh1 Nf2+ 18. Kh2 Be5+ 19. Kg1 Nxd3 20. cxd3 c5 21. Kh1
Bc6 22. b3 Nd7 23. Qh6 Rxf1+ 24. Rxf1 Rf8 25. Rxf8+ Nxf8 26. Nd5 Bxd5 27. exd5
Bg7 28. Qh4 Qe2 29. Bf4 h6 30. Ne4 g5 31. Nxg5 hxg5 32. Qxg5 Qf1+ 33. Kh2 Qxf4+
34. Qxf4 Be5 35. Qxe5 dxe5 36. Kg3 Kf7 37. Kg4 Kf6 38. h4 b5 39. Kf3 Ng6 40. g3
Ne7 41. Ke4 Nf5 42. g4 Nxh4 43. g5+ Ke7 44. Kxe5 Nf3+ 45. Kf4 Nxg5 46. Kxg5 Kd6
47. Kf6 Kxd5 48. Ke7 a5 49. Kd7 a4 50. Kc7 axb3 51. axb3 b4 52. Kb6 Kd4 53. Kb5
Kxd3 54. Kxc5 Kc3 0-1

[Event "47th World Open"]
[Site "Philadelphia"]
[Date "2019.07.06"]
[Round "7"]
[White "Gauri, Shankar"]
[Black "Shabalov, Alexander"]
[Result "1/2-1/2"]
[WhiteElo "2346"]
[BlackElo "2500"]
[PlyCount "78"]
[EventDate "2019.07.??"]
[EventType "swiss"]
[EventRounds "9"]
[EventCountry "USA"]

1. d4 d6 2. Nf3 Bg4 3. g3 Bxf3 4. exf3 d5 5. Bg2 e6 6. O-O Bd6 7. Re1 Ne7 8.
Bg5 Nbc6 9. c3 Qd7 10. Nd2 O-O 11. b4 a5 12. a3 b6 13. b5 Na7 14. a4 c6 15.
bxc6 Qxc6 16. c4 Rac8 17. Bxe7 Bxe7 18. f4 Bb4 19. cxd5 exd5 20. Re5 Qc3 21.
Nf1 Rc4 22. Rxd5 Nc6 23. Ne3 Rxd4 24. Qf1 Ne7 25. Rxd4 Qxd4 26. Rd1 Qf6 27. Ng4
Qe6 28. Ne5 Kh8 29. Bh3 Qb3 30. Qd3 Qxa4 31. Qd8 Ng6 32. Nxf7+ Kg8 33. Be6 Rxd8
34. Rxd8+ Bf8 35. Nh6+ Kh8 36. Nf7+ Kg8 37. Ne5+ Kh8 38. Nf7+ Kg8 39. Ne5+ Kh8
1/2-1/2

[Event "47th World Open"]
[Site "Philadelphia"]
[Date "2019.07.06"]
[Round "6.2"]
[White "Nyzhnyk, Illya"]
[Black "Bruzon Batista, Lazaro"]
[Result "1-0"]
[WhiteElo "2657"]
[BlackElo "2661"]
[PlyCount "115"]
[EventDate "2019.07.??"]
[EventType "swiss"]
[EventRounds "9"]
[EventCountry "USA"]

1. e4 c5 2. Nc3 e6 3. d4 cxd4 4. Qxd4 Nc6 5. Qe3 Nf6 6. Bd2 Qc7 7. O-O-O a6 8.
f4 d6 9. Nf3 Be7 10. Kb1 b5 11. Be1 Bb7 12. Bh4 O-O 13. Bd3 Nb4 14. a3 Nxd3 15.
Rxd3 Rac8 16. Rhd1 Rfd8 17. Qe2 h6 18. f5 Re8 19. fxe6 fxe6 20. Bg3 e5 21. Bh4
Red8 22. Bxf6 Bxf6 23. Nd5 Qf7 24. Nd2 Bg5 25. Nf3 Bf6 26. Rf1 Bxd5 27. Rxd5
Qg6 28. Rdd1 Be7 29. g3 Rc5 30. Nd2 Bg5 31. Nb3 Rc4 32. Rfe1 Rdc8 33. c3 Rf8
34. Na5 Rc7 35. c4 Rb8 36. Rd5 b4 37. axb4 Rxb4 38. Qd3 Rb6 39. Rf1 Be7 40. Rf2
Kh8 41. Nb3 Rcb7 42. Na1 Kh7 43. b3 Rb8 44. Ka2 Qe6 45. Rf3 Qh3 46. Qe2 Qe6 47.
Nc2 Qg4 48. b4 Rf8 49. Rf2 Qc8 50. Rxf8 Bxf8 51. Kb3 Rb7 52. Ne3 g6 53. Ra5 Rf7
54. Ra1 h5 55. Rf1 Rxf1 56. Qxf1 Bh6 57. Nd5 Qb7 58. Qf6 1-0

[Event "47th World Open"]
[Site "Philadelphia"]
[Date "2019.07.06"]
[Round "6.3"]
[White "Durarbayli, Vasif"]
[Black "Finegold, Benjamin"]
[Result "1-0"]
[WhiteElo "2637"]
[BlackElo "2475"]
[PlyCount "92"]
[EventDate "2019.07.??"]
[EventType "swiss"]
[EventRounds "9"]
[EventCountry "USA"]

1. e4 e5 2. Nf3 Nc6 3. Bb5 Nf6 4. O-O Bc5 5. c3 O-O 6. d4 Bb6 7. Bg5 h6 8. Bh4
d6 9. a4 a5 10. h3 g5 11. Nxg5 hxg5 12. Bxg5 exd4 13. Bxc6 bxc6 14. cxd4 Qe7
15. Ra3 Qe6 16. Rg3 Nxe4 17. Re1 Nxg3 18. Rxe6 Bxe6 19. fxg3 f5 20. Nc3 Rae8
21. Kh2 Kg7 22. Qh5 Rh8 23. Bh6+ Rxh6 24. Qxe8 Bxd4 25. Qxc6 Bf7 26. Ne2 Bb6
27. Qc3+ Kg8 28. Nd4 Rf6 29. Nf3 Re6 30. Ng5 Re5 31. Nxf7 Kxf7 32. b4 axb4 33.
Qxb4 Re4 34. Qb3+ Ke7 35. h4 Re1 36. Qc2 Ke6 37. Qc4+ Ke7 38. Qf4 Re5 39. Qg5+
Kd7 40. h5 Be3 41. Qg7+ Re7 42. h6 c5 43. a5 c4 44. a6 Bxh6 45. Qxh6 Kc6 46.
Qf4 Kd5 1-0

[Event "47th World Open"]
[Site "Philadelphia"]
[Date "2019.07.06"]
[Round "6.4"]
[White "Zhou, Jianchao"]
[Black "Fedorowicz, John"]
[Result "1/2-1/2"]
[WhiteElo "2608"]
[BlackElo "2420"]
[PlyCount "69"]
[EventDate "2019.07.??"]
[EventType "swiss"]
[EventRounds "9"]
[EventCountry "USA"]

1. d4 d5 2. c4 e6 3. Nc3 Be7 4. Bf4 Nf6 5. e3 O-O 6. Nf3 c5 7. dxc5 Bxc5 8. a3
Nc6 9. Qc2 Qa5 10. Rd1 Re8 11. Nd2 e5 12. Bg5 Nd4 13. Qb1 Bf5 14. Bd3 Bxd3 15.
Qxd3 Ne4 16. Nxd5 Nxg5 17. b4 Qd8 18. bxc5 Nde6 19. Nb3 Nxc5 20. Nxc5 Qa5+ 21.
Qc3 Qxc5 22. Qb4 Rac8 23. Qxb7 Qa5+ 24. Qb4 Qxb4+ 25. axb4 Rxc4 26. O-O Kf8 27.
f3 Ne6 28. Ra1 Rd8 29. Rfd1 Nc7 30. Nxc7 Rxd1+ 31. Rxd1 Rxc7 32. Rd5 f6 33. Ra5
Rb7 34. e4 Rxb4 35. Rxa7 1/2-1/2

[Event "47th World Open"]
[Site "Philadelphia"]
[Date "2019.07.06"]
[Round "6"]
[White "Chirila, Ioan-Cristian"]
[Black "Azarov, Sergei"]
[Result "1/2-1/2"]
[WhiteElo "2534"]
[BlackElo "2601"]
[PlyCount "37"]
[EventDate "2019.07.??"]
[EventType "swiss"]
[EventRounds "9"]
[EventCountry "USA"]

1. Nf3 Nf6 2. g3 d5 3. Bg2 e6 4. O-O c5 5. b3 Nc6 6. d4 Bd7 7. Bb2 Rc8 8. Nbd2
cxd4 9. Nxd4 Bc5 10. Nxc6 Bxc6 11. Nf3 O-O 12. a4 Qe7 13. Ne5 Rfd8 14. e3 Be8
15. Qe2 Bb4 16. c4 dxc4 17. Nxc4 b5 18. axb5 Bxb5 19. Rfd1 1/2-1/2

[Event "47th World Open"]
[Site "Philadelphia"]
[Date "2019.07.06"]
[Round "6"]
[White "Boros, Denes"]
[Black "Andriasian, Zaven"]
[Result "1/2-1/2"]
[WhiteElo "2467"]
[BlackElo "2589"]
[PlyCount "41"]
[EventDate "2019.07.??"]
[EventType "swiss"]
[EventRounds "9"]
[EventCountry "USA"]

1. e4 c5 2. Nc3 a6 3. Nf3 d6 4. d4 cxd4 5. Nxd4 Nf6 6. Bc4 e6 7. Bb3 Nbd7 8.
Qe2 Nc5 9. Bg5 Be7 10. f4 h6 11. Bxf6 Bxf6 12. O-O-O Qc7 13. Rhe1 Bd7 14. Kb1
O-O-O 15. e5 dxe5 16. fxe5 Be7 17. Qf2 Be8 18. Qg3 Rg8 19. Ne4 Nxe4 20. Rxe4
Kb8 21. Re3 1/2-1/2

[Event "47th World Open"]
[Site "Philadelphia"]
[Date "2019.07.06"]
[Round "6"]
[White "Jacobson, Brandon"]
[Black "Quesada Perez, Yasser"]
[Result "1/2-1/2"]
[WhiteElo "2456"]
[BlackElo "2572"]
[PlyCount "122"]
[EventDate "2019.07.??"]
[EventType "swiss"]
[EventRounds "9"]
[EventCountry "USA"]

1. c4 e5 2. Nc3 Nf6 3. Nf3 Nc6 4. e4 Bb4 5. d3 d6 6. a3 Bc5 7. b4 Bb6 8. Na4
Bg4 9. Nxb6 axb6 10. Bb2 Bxf3 11. Qxf3 Nd7 12. g3 Qf6 13. Qxf6 Nxf6 14. Be2 Nd7
15. f4 f6 16. Kd2 Nf8 17. Bg4 Ke7 18. b5 Nd8 19. d4 exd4 20. Bxd4 Nde6 21. Bc3
Nd7 22. Bb4 h5 23. Bf3 Nd4 24. Bd1 h4 25. Ke3 Ne6 26. Bf3 Nec5 27. Rae1 Kf7 28.
Kd2 Rae8 29. Kc3 hxg3 30. hxg3 Rxh1 31. Bxh1 Rh8 32. Bg2 Rh2 33. Rg1 g5 34. Kd4
gxf4 35. gxf4 Rh4 36. Ke3 Ne6 37. Rf1 Ke7 38. Be1 Rg4 39. Bf3 Rg7 40. Rh1 Nef8
41. a4 Rh7 42. Rxh7+ Nxh7 43. a5 bxa5 44. Bxa5 b6 45. Bc3 Nhf8 46. Bg4 Nc5 47.
Bd1 Nfe6 48. Bc2 Nb7 49. Bb4 Nec5 50. Kd4 Ne6+ 51. Kd5 c5 52. Bd2 Nbd8 53. e5
fxe5 54. fxe5 Nc7+ 55. Ke4 Nf7 56. exd6+ Nxd6+ 57. Kd3 Ne6 58. Bd1 Kf6 59. Bf3
Kf5 60. Be3 Nf4+ 61. Kc3 Ke5 1/2-1/2

[Event "47th World Open"]
[Site "Philadelphia"]
[Date "2019.07.06"]
[Round "6"]
[White "Shetty, Atulya"]
[Black "Quesada Perez, Yuniesky"]
[Result "1-0"]
[WhiteElo "2420"]
[BlackElo "2626"]
[PlyCount "59"]
[EventDate "2019.07.??"]
[EventType "swiss"]
[EventRounds "9"]
[EventCountry "USA"]

1. c4 e5 2. g3 Nc6 3. Bg2 Bc5 4. Nc3 a6 5. Nf3 d6 6. O-O Nf6 7. d3 Ba7 8. a3 h6
9. b4 O-O 10. Bb2 Re8 11. Rc1 Ne7 12. e3 Ng6 13. d4 e4 14. Nd2 Bf5 15. f3 exf3
16. Qxf3 Bd3 17. Rfe1 c6 18. Kh1 h5 19. e4 Ng4 20. Nd1 Bxc4 21. Nxc4 d5 22. Nd2
Qg5 23. Re2 Re7 24. h4 Qh6 25. Nf2 Rae8 26. Nxg4 hxg4 27. Qxg4 dxe4 28. Rce1 e3
29. Nf1 Bb8 30. Qf5 1-0

[Event "47th World Open"]
[Site "Philadelphia"]
[Date "2019.07.06"]
[Round "6"]
[White "Shabalov, Alexander"]
[Black "Li, Ben"]
[Result "1/2-1/2"]
[WhiteElo "2500"]
[BlackElo "2358"]
[PlyCount "126"]
[EventDate "2019.07.??"]
[EventType "swiss"]
[EventRounds "9"]
[EventCountry "USA"]

1. Nf3 d5 2. g3 c5 3. Bg2 Nc6 4. d4 Nf6 5. O-O e6 6. c4 dxc4 7. dxc5 Qxd1 8.
Rxd1 Bxc5 9. Nbd2 c3 10. bxc3 O-O 11. Nb3 Be7 12. Nfd4 Bd7 13. Nxc6 Bxc6 14.
Bxc6 bxc6 15. c4 Ne4 16. Bb2 Rfb8 17. Rab1 a5 18. f3 Nf6 19. Bc3 Bb4 20. Be5
Rc8 21. Kf2 Kf8 22. g4 Ke7 23. Nc1 Ne8 24. Nd3 f6 25. Bd4 Bd6 26. Rb7+ Rc7 27.
Rdb1 Kd7 28. R7b6 e5 29. Be3 Rcc8 30. a4 Rcb8 31. Nc5+ Ke7 32. Rxb8 Rxb8 33.
Rxb8 Bxb8 34. Nb3 Bc7 35. Bd2 Nd6 36. Bxa5 Bxa5 37. Nxa5 c5 38. Nb3 Nxc4 39.
Nxc5 Kd6 40. Nb3 Kc6 41. Kg3 Nb2 42. a5 Nc4 43. f4 Kb5 44. fxe5 fxe5 45. Kf3
Kb4 46. Nc1 Kxa5 47. Ke4 Kb6 48. Nd3 Kc7 49. Nxe5 Nb6 50. Kf5 Kd6 51. e4 Ke7
52. Nc6+ Kd6 53. Nd4 Nc4 54. Kf4 g6 55. Nf3 h6 56. h4 Ke6 57. Nd4+ Kf6 58. e5+
Kf7 59. Ke4 Nb6 60. h5 Nc4 61. Kd5 Ne3+ 62. Kd6 Nc4+ 63. Kd5 Ne3+ 1/2-1/2

[Event "47th World Open"]
[Site "Philadelphia"]
[Date "2019.07.06"]
[Round "6"]
[White "Prasanna Raghuram Rao"]
[Black "Canty, James"]
[Result "1-0"]
[WhiteElo "2440"]
[BlackElo "2233"]
[PlyCount "157"]
[EventDate "2019.07.??"]
[EventType "swiss"]
[EventRounds "9"]
[EventCountry "USA"]

1. d4 Nf6 2. Nf3 g6 3. g3 Bg7 4. Bg2 O-O 5. O-O d6 6. b3 c5 7. Bb2 cxd4 8. Nxd4
d5 9. c4 dxc4 10. Na3 cxb3 11. Qxb3 Nbd7 12. Rac1 Qb6 13. Ndb5 Nc5 14. Qc2 Ne6
15. Rb1 a6 16. Nc4 Qc5 17. Nba3 Ng5 18. Bxf6 Bxf6 19. Nb6 Qxc2 20. Nxc2 Rb8 21.
Ne3 a5 22. Nxc8 Rfxc8 23. Bxb7 Rc7 24. Bd5 Rxb1 25. Rxb1 Bd4 26. Rb5 Rc5 27.
Rxc5 Bxc5 28. Nc4 Bb4 29. h4 Ne6 30. Bxe6 fxe6 31. Kg2 Kf7 32. Kf3 Kf6 33. a4
e5 34. Ke4 Bc3 35. Kd5 e6+ 36. Ke4 h5 37. Kf3 Be1 38. Ke3 Bb4 39. Ke4 Be1 40.
Kf3 Bb4 41. g4 hxg4+ 42. Kxg4 Be1 43. Kf3 Kf5 44. Ne3+ Kf6 45. Ng4+ Ke7 46.
Nxe5 Kf6 47. Ke4 Bc3 48. Nf3 Bb4 49. Kf4 Bd6+ 50. Kg4 Bb4 51. Kf4 Bd6+ 52. Ke4
Bb4 53. Ne5 Be1 54. Nd3 Bc3 55. Kf4 Ba1 56. Nc5 e5+ 57. Ke4 Bd4 58. Nd3 Bc3 59.
Kd5 Kf5 60. e4+ Kf6 61. f3 Ba1 62. Nc5 g5 63. h5 Kg7 64. Nd7 Kh6 65. Nxe5 Kxh5
66. Ng4 Kh4 67. e5 Bc3 68. e6 Bb4 69. Ne5 Kg3 70. Ke4 Kh4 71. Ng6+ Kg3 72. e7
Bxe7 73. Nxe7 g4 74. fxg4 Kxg4 75. Nc6 Kg5 76. Ke5 Kg6 77. Nxa5 Kf7 78. Kd6 Ke8
79. Kc7 1-0

[Event "47th World Open"]
[Site "Philadelphia"]
[Date "2019.07.06"]
[Round "6"]
[White "Katz, Alexander"]
[Black "Wang, Eigen"]
[Result "1/2-1/2"]
[WhiteElo "2429"]
[BlackElo "2202"]
[PlyCount "67"]
[EventDate "2019.07.??"]
[EventType "swiss"]
[EventRounds "9"]
[EventCountry "USA"]

1. e4 e6 2. Qe2 Nc6 3. Nf3 e5 4. g3 Nf6 5. Bg2 Bc5 6. O-O O-O 7. c3 a5 8. Nxe5
Nxe5 9. d4 d6 10. dxc5 dxc5 11. Rd1 Qe7 12. h3 c4 13. Na3 Be6 14. Be3 Nd3 15.
f4 Rfe8 16. g4 Nxe4 17. Bxe4 Bxg4 18. Qxg4 Qxe4 19. Bd4 g6 20. Nxc4 h5 21. Qg3
Nxf4 22. Re1 Ne2+ 23. Rxe2 Qxe2 24. Ne5 Re6 25. Qf4 f5 26. Nd7 Rd6 27. Qh6 Rxd7
28. Qxg6+ Kf8 29. Bc5+ Rd6 30. Qxf5+ Ke7 31. Bxd6+ cxd6 32. Qh7+ Ke6 33. Rf1
Qe3+ 34. Kg2 1/2-1/2

[Event "47th World Open"]
[Site "Philadelphia"]
[Date "2019.07.06"]
[Round "6"]
[White "Kavutskiy, Konstantin"]
[Black "Turgut, Tansel"]
[Result "1/2-1/2"]
[WhiteElo "2412"]
[BlackElo "2202"]
[PlyCount "71"]
[EventDate "2019.07.??"]
[EventType "swiss"]
[EventRounds "9"]
[EventCountry "USA"]

1. Nf3 d5 2. e3 Nf6 3. c4 e6 4. b3 b6 5. Bb2 Bb7 6. Nc3 Nbd7 7. cxd5 exd5 8. d4
a6 9. Bd3 Bd6 10. O-O O-O 11. Rc1 Re8 12. Rc2 Ne4 13. Ne2 Rc8 14. Ne5 c5 15.
Bxe4 dxe4 16. Nxd7 Qxd7 17. dxc5 bxc5 18. Ng3 Rcd8 19. Qh5 Bf8 20. Rfc1 Qe6 21.
Ba3 Rd5 22. Qe2 Qe5 23. Bb2 Qg5 24. Rd2 Red8 25. Rxd5 Qxd5 26. h3 Qd2 27. Rc2
Qxe2 28. Nxe2 Rd1+ 29. Kh2 Bc6 30. Ba3 Bb5 31. Nc3 Bd3 32. Nxd1 Bxc2 33. Nc3
Bd6+ 34. Kg1 Be5 35. Bb2 Bxc3 36. Bxc3 1/2-1/2

[Event "47th World Open"]
[Site "Philadelphia"]
[Date "2019.07.06"]
[Round "6"]
[White "Lapshun, Yury"]
[Black "Tsay, Vincent"]
[Result "0-1"]
[WhiteElo "2392"]
[BlackElo "2167"]
[PlyCount "66"]
[EventDate "2019.07.??"]
[EventType "swiss"]
[EventRounds "9"]
[EventCountry "USA"]

1. d4 d5 2. Nf3 Nf6 3. Bf4 c5 4. e3 Nc6 5. Nbd2 e6 6. c3 Bd6 7. Bg3 O-O 8. Bb5
a6 9. Bxc6 bxc6 10. Ne5 Bb7 11. Nd3 cxd4 12. cxd4 a5 13. Bxd6 Qxd6 14. Qc2 Ba6
15. Qc5 Qb8 16. Nc1 Qxb2 17. Ncb3 a4 18. Rb1 Qxa2 19. Nc1 Qxd2+ 20. Kxd2 Ne4+
21. Kc2 Nxc5 22. dxc5 Bc4 23. Rb6 Rfe8 24. Nd3 Ra5 25. Rhb1 g6 26. Rb7 Bxd3+
27. Kxd3 Rxc5 28. g4 Ra5 29. Kd4 a3 30. Ke5 Kg7 31. f4 a2 32. Ra1 Rd8 33. f5
Ra4 0-1

[Event "47th World Open"]
[Site "Philadelphia"]
[Date "2019.07.06"]
[Round "6"]
[White "Wang, Tianqi"]
[Black "Barretto, Franz"]
[Result "0-1"]
[WhiteElo "2353"]
[BlackElo "2146"]
[PlyCount "30"]
[EventDate "2019.07.??"]
[EventType "swiss"]
[EventRounds "9"]
[EventCountry "USA"]

1. d4 Nf6 2. c4 g6 3. g3 Bg7 4. Bg2 O-O 5. Nc3 d6 6. Nf3 Nc6 7. O-O a6 8. d5
Na5 9. Nd2 c5 10. dxc6 Nxc6 11. b3 Qa5 12. Bb2 Qh5 13. Re1 Bh3 14. Bh1 Ng4 15.
Nf3 Nce5 0-1

[Event "47th World Open"]
[Site "Philadelphia"]
[Date "2019.07.06"]
[Round "6"]
[White "Niemann, Hans"]
[Black "Mujumdar, Sameer"]
[Result "1-0"]
[WhiteElo "2467"]
[BlackElo "2106"]
[PlyCount "49"]
[EventDate "2019.07.??"]
[EventType "swiss"]
[EventRounds "9"]
[EventCountry "USA"]

1. d4 d5 2. Nc3 Nf6 3. Bg5 e6 4. e4 Be7 5. e5 Nfd7 6. Bxe7 Qxe7 7. f4 O-O 8.
Nf3 c5 9. Bd3 f6 10. O-O f5 11. Nb5 Nc6 12. c3 a6 13. Nd6 cxd4 14. cxd4 Nd8 15.
g4 g6 16. gxf5 gxf5 17. Kh1 Nf7 18. Rg1+ Kh8 19. Ng5 Nxg5 20. Rxg5 Nb8 21. Qh5
b5 22. Rc1 Bd7 23. Rcg1 Ra7 24. Qh6 Be8 25. Nc8 1-0

[Event "47th World Open"]
[Site "Philadelphia"]
[Date "2019.07.06"]
[Round "6"]
[White "Husbands, Orlando"]
[Black "Kelley, Deshawn"]
[Result "1-0"]
[WhiteElo "2289"]
[BlackElo "2066"]
[PlyCount "53"]
[EventDate "2019.07.??"]
[EventType "swiss"]
[EventRounds "9"]
[EventCountry "USA"]

1. e4 c5 2. Nf3 e6 3. d4 cxd4 4. Nxd4 a6 5. Nc3 Qc7 6. Bd3 Nf6 7. O-O d6 8. Qe2
Be7 9. Kh1 O-O 10. f4 Nbd7 11. Bd2 b6 12. Rae1 Nc5 13. e5 Nfd7 14. Rf3 Nxd3 15.
Rxd3 g6 16. Nxe6 fxe6 17. exd6 Bxd6 18. Qxe6+ Rf7 19. Qxd6 Qxd6 20. Rxd6 Bb7
21. Nd5 Bxd5 22. Rxd5 Nc5 23. g3 Rc8 24. c4 Nd7 25. Rd4 Nc5 26. Rd6 Nd7 27. Bc3
1-0

[Event "47th World Open"]
[Site "Philadelphia"]
[Date "2019.07.06"]
[Round "6"]
[White "Homa, Seth"]
[Black "Zhong, Kevin"]
[Result "1-0"]
[WhiteElo "2281"]
[BlackElo "2039"]
[PlyCount "89"]
[EventDate "2019.07.??"]
[EventType "swiss"]
[EventRounds "9"]
[EventCountry "USA"]

1. c4 e6 2. Nc3 d5 3. e3 Nf6 4. Nf3 c5 5. cxd5 exd5 6. d4 Nc6 7. Bb5 a6 8.
Bxc6+ bxc6 9. Ne5 Qc7 10. Qa4 Bd7 11. O-O Bd6 12. Nxd7 Qxd7 13. dxc5 Bxc5 14.
b3 O-O 15. Ba3 Bxa3 16. Qxa3 Rfe8 17. Rfd1 Qf5 18. h3 Re6 19. Rd4 Rae8 20. Rad1
Qg5 21. b4 Nd7 22. Qb2 Ne5 23. Qe2 Nc4 24. Nxd5 cxd5 25. Rxd5 Ne5 26. f4 Qe7
27. Rxe5 Rxe5 28. fxe5 Qxb4 29. Qxa6 Qc5 30. Rd3 Qxe5 31. Qc4 g6 32. a4 Re6 33.
Qc8+ Re8 34. Qc3 Qf5 35. Qa3 Rb8 36. Rd1 Qc2 37. Rc1 Rb3 38. Qa1 Qf5 39. Qd4
Qe6 40. Qd8+ Kg7 41. Qd4+ Kg8 42. e4 Rb8 43. a5 Qa6 44. Rc5 Qa7 45. Rc8+ 1-0

[Event "47th World Open"]
[Site "Philadelphia"]
[Date "2019.07.06"]
[Round "6"]
[White "Kretchetov, Alexandre"]
[Black "Feliachi, Nabil"]
[Result "1-0"]
[WhiteElo "2216"]
[BlackElo "2032"]
[PlyCount "39"]
[EventDate "2019.07.??"]
[EventType "swiss"]
[EventRounds "9"]
[EventCountry "USA"]

1. Nf3 d5 2. d4 Nf6 3. c4 e6 4. Nc3 dxc4 5. e3 a6 6. a4 c5 7. Bxc4 Nc6 8. O-O
Na5 9. Ba2 Bd7 10. Qe2 Qc7 11. Rd1 Bd6 12. e4 cxd4 13. e5 Bxe5 14. Nxe5 dxc3
15. Nxd7 Nxd7 16. Bxe6 fxe6 17. Qxe6+ Kd8 18. Bf4 Qc8 19. Bg5+ Kc7 20. Qd6# 1-0

[Event "47th World Open"]
[Site "Philadelphia"]
[Date "2019.07.06"]
[Round "6"]
[White "Fishbein, Mitch"]
[Black "Harriott, Tyrell"]
[Result "1-0"]
[WhiteElo "2113"]
[BlackElo "2003"]
[PlyCount "117"]
[EventDate "2019.07.??"]
[EventType "swiss"]
[EventRounds "9"]
[EventCountry "USA"]

1. Nf3 Nf6 2. c4 d6 3. d4 Nbd7 4. Nc3 e5 5. e4 Be7 6. Be2 O-O 7. O-O Re8 8. Qc2
Bf8 9. d5 g6 10. Ne1 Nc5 11. b4 Na6 12. a3 Bg7 13. c5 Nb8 14. Nd3 a6 15. Be3
Ng4 16. Bxg4 Bxg4 17. f3 Bc8 18. Rfc1 f5 19. Na4 fxe4 20. fxe4 Qh4 21. Nf2 Nd7
22. c6 Nf6 23. cxb7 Bxb7 24. Qxc7 Nxd5 25. exd5 Bxd5 26. Nb6 Re7 27. Qc2 Bxg2
28. Qc4+ Qxc4 29. Rxc4 d5 30. Nxa8 dxc4 31. Kxg2 e4 32. Rc1 c3 33. Nb6 Re6 34.
Nd5 Kf7 35. Nxc3 Re7 36. Ncxe4 Bb2 37. Rb1 Bg7 38. a4 h6 39. b5 axb5 40. axb5
g5 41. b6 Be5 42. b7 Bb8 43. h3 Kg6 44. Rb6+ Kf5 45. Kf3 Re6 46. Rxe6 Kxe6 47.
Nc5+ Kf5 48. Na6 Bd6 49. Bc5 Bf4 50. Nd3 h5 51. Nxf4 g4+ 52. hxg4+ hxg4+ 53.
Ke3 g3 54. b8=Q g2 55. Nxg2 Ke6 56. Qd6+ Kf5 57. Ne1 Kg4 58. Qg6+ Kh4 59. Kf3
1-0

[Event "47th World Open"]
[Site "Philadelphia"]
[Date "2019.07.06"]
[Round "6"]
[White "Melaugh, Shane"]
[Black "Gardezi, Arsal"]
[Result "1-0"]
[WhiteElo "2126"]
[BlackElo "1849"]
[PlyCount "55"]
[EventDate "2019.07.??"]
[EventType "swiss"]
[EventRounds "9"]
[EventCountry "USA"]

1. d4 d5 2. c4 c6 3. Nc3 Nf6 4. Nf3 e6 5. Bf4 dxc4 6. a4 Bb4 7. e3 Nd5 8. Qc2
Nxf4 9. exf4 c5 10. dxc5 Bxc5 11. Bxc4 Qc7 12. Ne4 Bb4+ 13. Nfd2 Qxf4 14. Bb5+
Nd7 15. O-O a6 16. g3 Qh6 17. Bd3 Ne5 18. Nc4 Nxc4 19. Qxc4 Be7 20. Qc7 Qh5 21.
Rfd1 f5 22. Be2 Qxe2 23. Rd8+ Kf7 24. Nd6+ Kf6 25. Rxh8 Bxd6 26. Qxd6 b5 27.
Qd4+ Kf7 28. Rxc8 1-0

[Event "47th World Open"]
[Site "Philadelphia"]
[Date "2019.07.06"]
[Round "6"]
[White "Juac, Majur"]
[Black "Mahajan, Rushaan"]
[Result "1/2-1/2"]
[WhiteElo "2107"]
[BlackElo "1889"]
[PlyCount "68"]
[EventDate "2019.07.??"]
[EventType "swiss"]
[EventRounds "9"]
[EventCountry "USA"]

1. e4 c5 2. Nf3 e6 3. d4 cxd4 4. Nxd4 a6 5. Nc3 b5 6. g3 Bb7 7. Bg2 Nf6 8. Qe2
d6 9. O-O Nbd7 10. Rd1 Qc7 11. g4 b4 12. Nd5 exd5 13. exd5+ Kd8 14. Nc6+ Bxc6
15. dxc6 Nc5 16. g5 Ne8 17. Be3 Ne6 18. a3 b3 19. cxb3 g6 20. b4 h6 21. a4 hxg5
22. b5 Nf4 23. Qf3 d5 24. a5 Qe5 25. Bxf4 Qxf4 26. Qxd5+ Bd6 27. c7+ Ke7 28.
Qxa8 Qxh2+ 29. Kf1 Nxc7 30. Qe4+ Ne6 31. bxa6 Rh4 32. Qc6 Bc5 33. Re1 Bxf2 34.
Kxf2 Rf4+ 1/2-1/2

[Event "47th World Open"]
[Site "Philadelphia"]
[Date "2019.07.05"]
[Round "5.3"]
[White "Andriasian, Zaven"]
[Black "Bruzon Batista, Lazaro"]
[Result "1/2-1/2"]
[WhiteElo "2589"]
[BlackElo "2661"]
[PlyCount "128"]
[EventDate "2019.07.??"]
[EventType "swiss"]
[EventRounds "9"]
[EventCountry "USA"]

1. e4 c5 2. Nf3 e6 3. d4 cxd4 4. Nxd4 Nc6 5. Nc3 Qc7 6. g3 a6 7. Bg2 d6 8. a4
Nf6 9. O-O Be7 10. Be3 Rb8 11. Qe2 O-O 12. Rad1 Re8 13. h3 Bf8 14. g4 Nxd4 15.
Bxd4 e5 16. Ba7 Ra8 17. Be3 Be6 18. Rfe1 Rac8 19. Bf3 h6 20. Rd2 Be7 21. Nd5
Bxd5 22. exd5 Qa5 23. g5 hxg5 24. Bxg5 e4 25. Bg2 Nxd5 26. Bxe4 Nc3 27. bxc3
Qxg5+ 28. Kh1 Bf6 29. Rd5 Qh4 30. Qf3 g6 31. Rxd6 Rxc3 32. Rd3 Rxc2 33. Kg2 Rc4
34. Rde3 Re5 35. Kh1 Kg7 36. Bxb7 Rxe3 37. Rxe3 Rxa4 38. Kg2 Ra5 39. Re4 Qg5+
40. Rg4 Qe5 41. Be4 Rc5 42. Qd3 a5 43. Qd7 Be7 44. Qe8 Qf6 45. Qd7 Kf8 46. Qd2
Kg8 47. Qd7 Bd6 48. Qe8+ Kg7 49. Qd7 Kf8 50. Bd3 Rc3 51. Be4 Qe5 52. Qd8+ Kg7
53. Rh4 Bf8 54. Qd5 Qf6 55. Rg4 a4 56. Qd7 Be7 57. Qxa4 Bc5 58. Qa2 Ra3 59. Qc2
Bd6 60. Qe2 Rb3 61. Bf3 Rb2 62. Qe3 Bc7 63. Be2 Bb6 64. Qf3 Qxf3+ 1/2-1/2

[Event "47th World Open"]
[Site "Philadelphia"]
[Date "2019.07.05"]
[Round "5.4"]
[White "Melkumyan, Hrant"]
[Black "Ortiz Suarez, Isan Reynaldo"]
[Result "0-1"]
[WhiteElo "2658"]
[BlackElo "2533"]
[PlyCount "141"]
[EventDate "2019.07.??"]
[EventType "swiss"]
[EventRounds "9"]
[EventCountry "USA"]

1. d4 Nf6 2. c4 c5 3. d5 b5 4. cxb5 a6 5. bxa6 g6 6. Nc3 Bg7 7. e4 O-O 8. Be2
Qa5 9. Bd2 Bxa6 10. e5 Ne8 11. Nf3 d6 12. e6 f5 13. h4 Nf6 14. Ne4 Qb6 15.
Nxf6+ Bxf6 16. Bc3 Bxe2 17. Qxe2 Ra4 18. O-O Na6 19. Qd2 Kg7 20. h5 Nc7 21. h6+
Kg8 22. Rfd1 Qb7 23. b4 Nxd5 24. Bxf6 Nxf6 25. bxc5 dxc5 26. Qc3 Qb4 27. Qe5
Qa3 28. Rab1 c4 29. Nd4 Raa8 30. Rb7 c3 31. Rdb1 Rac8 32. Nc2 Qxa2 33. Ne3 Rc6
34. Rc1 Qxe6 35. Qxe6+ Rxe6 36. Rxc3 f4 37. Nf1 Ng4 38. Rcc7 Kf7 39. f3 Nxh6
40. Nd2 Nf5 41. Ne4 h6 42. Kh2 Rd8 43. Rb4 Rd4 44. Rb8 Nd6 45. Rd7 Rd5 46. Kg1
Ree5 47. Nxd6+ Rxd6 48. Rxd6 exd6 49. Kf2 Ra5 50. Rd8 Ra2+ 51. Kf1 Rd2 52. Kg1
g5 53. Kh2 Kg6 54. Rg8+ Kh5 55. Rh8 d5 56. Kh3 Rd1 57. Kh2 d4 58. Re8 Kg6 59.
Re6+ Kg7 60. Rd6 d3 61. Rd4 d2 62. Rd6 h5 63. Rd5 Kf6 64. Rd8 Ke5 65. Rd7 g4
66. fxg4 hxg4 67. g3 Ke4 68. gxf4 Kf3 69. Rd3+ Ke2 70. Rd8 Kf2 71. f5 0-1